| 000 | 00000nas 2200000za 4500 |
| 001 | 9.502821 |
| 003 | CaOODSP |
| 005 | 20241105150724 |
| 007 | cr ||||||||||| |
| 008 | 150406d20002008xxc|| p o||||f| |0fre|d |
| 022 | |a1912-0745 |
| 040 | |aCaOODSP|bfre |
| 043 | |an-cn--- |
| 086 | 1 |aIu71-4/5F-PDF |
| 245 | 03|aLe guide des marques de commerce. |
| 264 | 1|aGatineau, Québec : |bIndustrie Canada |
| 310 | |aIrrégulier |
| 362 | 1 |aParaît depuis 2000; ne paraît plus après [2008]. |
| 691 | 07|aMarque de commerce|2gcpds |
| 691 | 07|aPropriété intellectuelle|2gcpds |
| 710 | 2 |aOffice de la propriété intellectuelle du Canada, |eorganisme de publication. |
| 775 | 08|tA guide to trade-marks |w(CaOODSP)9.506425 |